000 01016nac a22003257a 4500
001 BR0805948
003 BR-BrBNA
005 20240105123654.0
008 230509b bl.|||m| |||| 00| 0 por d
040 _aBR-BrBNA
_bpor
_cBiblioteca Nacional de Agricultura
072 _aH20
090 _a4120 BR0805948
100 1 _aBenchimol, R.L.
100 1 _aRodrigues, E. do S.F.
100 1 _aSousa, G.O. de
100 1 _aBrito, J. do S. de A.
110 1 _aEMBRAPA Amazônia Oriental, Belém, PA (Brasil)
245 1 _aOcorrência de oídio em sorriso-de-maria cultivado em casa-de-vegetação, no Município de Belém, PA
260 3 _aBelém, PA (Brasil):
_c2005.
300 _a4 p.
490 _aComunicado Técnico - EMBRAPA Suínos e Aves (Brazil)
_vno. 149
_xISSN 1517-2244
500 _a12 ref.
650 _aCOMPOSITAE
650 _aOÍDIO
650 _aDOENÇA DE PLANTA
650 _aFUNGO
650 _aESTUFA
909 _a202312
_bLúcia Elande
_c55
_dLúcia Elande
942 _2AGRIS
_n0
_cMS
999 _c296479
_d296479